000
00260nam a22001217a 4500
999
_c
12908
_d
12908
020
_a
9781473675988
082
_a
658.40
100
_a
Schmidt, Eric
245
_a
Trillion Dollar Coach
260
_a
UK
_b
John Murray
_c
2020
300
_a
218 pages.
942
_c
BK